000
00224nam a22000857a 4500
008
160808b xxu||||| |||| 00| 0 eng d
100
_9
71
_a
Rastogi V.B
245
_a
Science Power-VII
260
_a
New Delhi
_b
Srijan Publication
_c
2010
999
_c
2723
_d
2723